| 000 | 01103cam a2200349 i 4500 | ||
|---|---|---|---|
| 999 |
_c200453011 _d71223 |
||
| 001 | 200453011 | ||
| 003 | TR-AnTOB | ||
| 005 | 20241125100149.0 | ||
| 007 | ta | ||
| 008 | 230425s2023 tu 000 0 tur d | ||
| 020 | _a9786057231536 (paperback) | ||
| 040 |
_aT9K _cT9K _erda _beng _dTR-AnTOB |
||
| 041 | 0 | _atur | |
| 050 | 1 | 4 |
_aHD5857 _b.Ü535 2023 |
| 090 |
_aHD5857 _b.Ü535 2023 |
||
| 100 | 1 |
_aÜnal, Ömer _eauthor _9138411 |
|
| 245 | 1 | 0 |
_aGig ekonomisinin çalışma ilişkilerine etkisi / _cÖmer Ünal. |
| 250 | _aBirinci basım. | ||
| 264 | 1 |
_aAnkara : _bTürk Metal Sendikası Araştırma ve Eğitim Merkezi, _c2023. |
|
| 300 |
_axiii, 138 pages ; _c24 cm |
||
| 336 |
_atext _2rdacontent. _btxt |
||
| 337 |
_aunmediated _2rdamedia. _bn |
||
| 338 |
_avolume _2rdacarrier. _bnc |
||
| 504 | _aBIB | ||
| 650 | 7 |
_aEndüstriyel ilişkiler _2etuturkob _932554 |
|
| 650 | 7 |
_aMeslekler _2etuturkob _994566 |
|
| 650 | 7 |
_aSerbest çalışan _2etuturkob _922952 |
|
| 650 | 7 |
_aİş piyasası _986872 |
|
| 650 | 0 |
_aİşgücü arzı _zTürkiye _918373 |
|
| 942 |
_2lcc _cBK |
||